000 00248nam a22001097a 4500
008 170126b xxu||||| |||| 00| 0 eng d
020 _a9780763725716
041 _aeng
080 _24TH
_a61
245 _aHEALTH CARE USA
_cSULTS, H.A
942 _2udc
_cBK
999 _c3744
_d3744